<?xml version="1.0" encoding="UTF-8"?>
<record
    xmlns:xsi="http://www.w3.org/2001/XMLSchema-instance"
    xsi:schemaLocation="http://www.loc.gov/MARC21/slim http://www.loc.gov/standards/marcxml/schema/MARC21slim.xsd"
    xmlns="http://www.loc.gov/MARC21/slim">

  <leader>04417nab a2200337 i 4500</leader>
  <controlfield tag="003">BR-BrBNA</controlfield>
  <controlfield tag="005">20250804113954.0</controlfield>
  <controlfield tag="008">250804b2022    bl.tr|pooa||| 00| 0 por |</controlfield>
  <datafield tag="040" ind1=" " ind2=" ">
    <subfield code="a">BR-BrBNA</subfield>
    <subfield code="b">por</subfield>
  </datafield>
  <datafield tag="072" ind1=" " ind2=" ">
    <subfield code="a">F01</subfield>
    <subfield code="b">1930</subfield>
  </datafield>
  <datafield tag="072" ind1=" " ind2=" ">
    <subfield code="a">L02</subfield>
  </datafield>
  <datafield tag="100" ind1=" " ind2=" ">
    <subfield code="a">Rech, &#xC2;ngela Fonseca </subfield>
  </datafield>
  <datafield tag="100" ind1=" " ind2=" ">
    <subfield code="a">C&#xF3;rdova, Ulisses de Arruda </subfield>
  </datafield>
  <datafield tag="100" ind1=" " ind2=" ">
    <subfield code="a">F&#xE1;varo, Vanessa Ruiz </subfield>
  </datafield>
  <datafield tag="100" ind1=" " ind2=" ">
    <subfield code="a">Flaresso, Jefferson Ara&#xFA;jo </subfield>
  </datafield>
  <datafield tag="245" ind1=" " ind2=" ">
    <subfield code="a">Principais caracter&#xED;sticas de cultivares de azev&#xE9;m-anual utilizados no estado de Santa Catarina, Brasil</subfield>
  </datafield>
  <datafield tag="500" ind1=" " ind2=" ">
    <subfield code="a">

Publica&#xE7;&#xE3;o online; 40 ref.; 5 illus.; 1 table; Summaries (En, Pt)</subfield>
  </datafield>
  <datafield tag="520" ind1=" " ind2=" ">
    <subfield code="a">


Resumo &#x2013;   O azev&#xE9;m-anual &#xE9; amplamente utilizado em sistemas pastoris do sul do Brasil por ser resistente ao frio, produtivo, vigoroso,  de  elevado  valor  nutricional,  sendo  recomendado  para  compor  a  dieta  de  bovinos  e  ovinos  de  maior  exig&#xEA;ncia nutricional  e  por  proporcionar  altos  ganhos  na  produ&#xE7;&#xE3;o  animal.  Os  v&#xE1;rios  cultivares  de  azev&#xE9;m-anual  comercialmente dispon&#xED;veis podem ser divididos em azev&#xE9;m-anual (diploides ou tetraploides) variedade westerwoldicum (Lolium multiflorumLam. var. westerwoldicum) e azev&#xE9;m-anual variedade it&#xE1;lico (L. multiflorum Lam. var. italicum). Originalmente, o azev&#xE9;m-anual &#xE9; diploide (2n), mas ap&#xF3;s hibridiza&#xE7;&#xE3;o natural e/ou melhoramento gen&#xE9;tico v&#xE1;rios cultivares tetraploides (4n) foram desenvolvidos e disponibilizados. As diferen&#xE7;as entre eles incluem rela&#xE7;&#xE3;o folha/colmo, tamanho de folhas, perfilhos e sementes, n&#xFA;mero de perfilhos, vigor inicial, produ&#xE7;&#xE3;o de mat&#xE9;ria seca, qualidade nutricional, resist&#xEA;ncia &#xE0; seca, dura&#xE7;&#xE3;o do ciclo produtivo, entre outras caracter&#xED;sticas. Mas a variedade e o n&#xED;vel de ploidia s&#xE3;o insuficientes para determinar superioridade de um material sobre outro e, no momento de decidir qual semente adquirir, devem ser observadas cuidadosamente as caracter&#xED;sticas particulares de cada cultivar e do sistema pastoril onde ser&#xE1; utilizado. O objetivo deste estudo foi reunir informa&#xE7;&#xF5;es sobre o azev&#xE9;m-anual e alguns dos cultivares comercializados no estado de Santa Catarina, Brasil. 


Termos para indexa&#xE7;&#xE3;o:    Forragem de clima temperado; Lolium multiflorum; N&#xED;vel de ploidia</subfield>
  </datafield>
  <datafield tag="520" ind1=" " ind2=" ">
    <subfield code="a">


Abstract &#x2013;   The annual  ryegrass is widely used in pastoral systems in southern Brazil because it is cold-resistant, productive, vigorous, high nutritional forage, being recommended to compose the diet of cattle and sheep with greater nutritional demand as it provides high gains in animal production. The various commercially available ryegrass cultivars can be divided into annual ryegrass  (diploids  or  tetraploids)  westerwoldico  variety  (Lolium multiflorum  Lam.  var. westerwoldicum)  and  italic  ryegrass variety  (L. multiflorum  Lam.  var. italicum).  Originally,  annual  ryegrass  is  diploid  (2n),  but  after  natural  hybridization  and/or genetic  improvement,  several  tetraploid  (4n)  cultivars  were  developed  and  made  available.  The  differences  between  them include  leaf/stem  ratio,  size  of  leaves  and  tillers,  number  of  tillers,  initial  vigor,  dry  matter  production,  nutritional  quality, drought  resistance,  length  of  the  productive  cycle,  among  other  characteristics.  Although,  the  variety  and  ploidy  level  are insufficient to determine the superiority of one material over another and, when deciding which seed to acquire, the particular characteristics of each cultivar and the pastoral system where it will be used must be carefully observed. The aim of this study was to gather information about the annual ryegrass and some of the cultivars commercialized in the State of Santa Catarina, Brazil. 


Index terms:    Temperate climate forage; Lolium multiflorum; Ploidy level</subfield>
  </datafield>
  <datafield tag="650" ind1=" " ind2=" ">
    <subfield code="a">AZEV&#xC9;M</subfield>
  </datafield>
  <datafield tag="650" ind1=" " ind2=" ">
    <subfield code="a">GRAM&#xCD;NEA FORRAGEIRA</subfield>
  </datafield>
  <datafield tag="650" ind1=" " ind2=" ">
    <subfield code="a">VARIEDADE</subfield>
  </datafield>
  <datafield tag="650" ind1=" " ind2=" ">
    <subfield code="a">CONDI&#xC7;&#xC3;O AMBIENTAL</subfield>
  </datafield>
  <datafield tag="650" ind1=" " ind2=" ">
    <subfield code="a">TECNOLOGIA AGR&#xCD;COLA</subfield>
  </datafield>
  <datafield tag="650" ind1=" " ind2=" ">
    <subfield code="a">NUTRI&#xC7;&#xC3;O ANIMAL</subfield>
  </datafield>
  <datafield tag="650" ind1=" " ind2=" ">
    <subfield code="a">SANTA CATARINA</subfield>
  </datafield>
  <datafield tag="773" ind1="0" ind2=" ">
    <subfield code="0">1813</subfield>
    <subfield code="9">317206</subfield>
    <subfield code="d">Florian&#xF3;polis-SC Empresa de Pesquisa Agropecu&#xE1;ria e Extens&#xE3;o Rural de Santa Catarina 1988-</subfield>
    <subfield code="o">2024-3830</subfield>
    <subfield code="t">Agropecu&#xE1;ria Catarinense (Brazil)</subfield>
    <subfield code="x">0103-0779</subfield>
    <subfield code="g">v. 35(1) p. 85-92; (2022)</subfield>
    <subfield code="w">BR2025002886</subfield>
  </datafield>
  <datafield tag="856" ind1=" " ind2=" ">
    <subfield code="u">https://publicacoes.epagri.sc.gov.br/rac/article/view/1306/1304</subfield>
  </datafield>
  <datafield tag="942" ind1=" " ind2=" ">
    <subfield code="c">ANA</subfield>
  </datafield>
  <datafield tag="999" ind1=" " ind2=" ">
    <subfield code="c">337433</subfield>
    <subfield code="d">337433</subfield>
  </datafield>
</record>
